• 首页
  • 本馆介绍
  • 公告通知
  • 最新文献
  • 馆藏检索
  • 电子资源
  • 读者导购
  • 参考咨询
  • 我的图书馆
  • 登录
  • 详细信息显示
  • 放入我的书架
  • 预约/预借图书
  • 作者相关作品
  • 分类相关作品
  • 丛书相关作品
  • 出版社相关作品

书目信息

  • 表格格式
  • 工作单格式
  • 卡片格式
题名:
校长的高绩效领导
    
 
作者: 杨明 , 竭宝峰 编著
分册:  
出版信息: 合肥   安徽人民出版社  2012
页数: 206页
开本: 23cm
丛书名: 最新学校与教育系列丛书
单 册:
中图分类: G471.2
科图分类:
主题词: 校长--xiao zhang--领导艺术
电子资源:
ISBN: 978-7-212-05029-0
000 01023nam 2200277 450
001 012001003644
005 20131026150723.0
010    @a978-7-212-05029-0@dCNY26.60
099    @aCAL 012013016480
100    @a20130208d2012 em y0chiy50 ea
101 0  @achi
102    @aCN@b340000
105    @ay z 000yy
106    @ar
200 1  @a校长的高绩效领导@Axiao zhang de gao ji xiao ling dao@f杨明, 竭宝峰编著
210    @a合肥@c安徽人民出版社@d2012
215    @a206页@d23cm
225 2  @a最新学校与教育系列丛书@Azui xin xue xiao yu jiao yu xi lie cong shu
330    @a本书阐述了校长领导力的问题。领导能力就是个人具备的与其领导职务相适应的、能够肩负起领导责任的主观条件, 是领导者综合素质的外在表现。内容包括: 校长的领导力、校长的领导艺术两章。
410  0 @12001@a最新学校与教育系列丛书
606 0  @a校长@Axiao zhang@x领导艺术
690    @aG471.2@v5
701  0 @a杨明@Ayang ming@4编著
701  0 @a竭宝峰@Ajie bao feng@c(教育)@4编著
801  2 @aCN@b江苏凤凰@c20191020
905    @b1227289-92@dG471.2@e183@f4
    
    校长的高绩效领导/杨明, 竭宝峰编著.-合肥:安徽人民出版社,2012
    206页;23cm.-(最新学校与教育系列丛书)
    
    
    ISBN 978-7-212-05029-0:CNY26.60
    本书阐述了校长领导力的问题。领导能力就是个人具备的与其领导职务相适应的、能够肩负起领导责任的主观条件, 是领导者综合素质的外在表现。内容包括: 校长的领导力、校长的领导艺术两章。
●
相关链接 在E读中查询图书 在五车中查询图书 在当当中查询图书 在豆瓣中查询图书


正题名:校长的高绩效领导     索取号:G471.2/183         预约/预借

序号 登录号 条形码 馆藏地/架位号 状态 备注
1 1227289   212272896   第一样本阅览室/ [索取号:G471.2/183] 在馆    
2 1227290   212272903   教育系资料室/ [索取号:G471.2/183] 在馆    
3 1227291   212272912   教育系资料室/ [索取号:G471.2/183] 在馆    
4 1227292   212272921   第四借阅区/ [索取号:G471.2/183] 在馆    
唐山师范学院图书馆 欢迎您!
大连网信软件有限公司© 版权所有